| 000 | 00577nam a22002057a 4500 | ||
|---|---|---|---|
| 003 | OSt | ||
| 005 | 20160720142359.0 | ||
| 008 | 160601b xxu||||| |||| 00| 0 eng d | ||
| 020 | _a9788126517930 | ||
| 040 | _cDDC | ||
| 082 | _a005.74 GIL 2005 | ||
| 100 |
_aGillenson, Mark L. _99185 |
||
| 245 | _aFundamentals of Database Management Systems | ||
| 260 |
_aNew Jersey; _bJohn Wiley _c2005. |
||
| 300 |
_axvii,366p; _b col.ill: _c26cm |
||
| 504 | _aReferences, & index included | ||
| 650 |
_aDatabase management _9508 |
||
| 650 |
_aComputer systems _9654 |
||
| 942 |
_2z _cO_SHELF |
||
| 999 |
_c4805 _d4805 |
||